000 00286nam a22001337a 4500
008 190306b xxu||||| |||| 00| 0 eng d
020 _a2740230522382
041 _aeng
080 _a159.9
100 _a49
101 _aPSI
245 _aSocial Psychology
_cAronson
942 _2udc
_cBK
999 _c54649
_d54649